000 00498ntaaa2200181 4500
003 01
005 20251027202919.0
008 0714s1973 ag 01
040 _aAR-BaBN
_bspa
_cAR-BaBN
_eaacr
_dRIC
082 _a922.0000 P76
100 _aPollock, J.C.
_921361
245 _aThe Cambridge seven
250 _a1 ed.
260 _aLondon :
_bInter-Varsity Fellowship,
_c1955, 1962
300 _ax, 112 p
500 _aBiografĂ­as de siete misioneros ingleses que servĂ­an en la China
942 _cBK
999 _c24390
_d24390